Ion-selective electrode reviews.

Bibliographic Details
New Title:Selective electrode reviews (OCoLC)16068694
Format: Journal
Language:English
Published: Oxford ; New York : Pergamon, 1979-
Subjects:
Online Availability: Check for online availability

MARC

Tag First Indicator Second Indicator Subfields
LEADER 00000cas a2200000 a 4500
001 in00000016961
005 20151007053338.0
008 790427d19791987enkfr1p |||| 0uuua0eng d
010 |a  80647685   |z  7902618 
022 0 |a 0191-5371 
030 |a ISRVDR 
035 |a (OCoLC)04901470 
035 |9 AAB1301AM 
040 |a NSD  |c NSD  |d DLC  |d NSD  |d NST  |d SER  |d RCS  |d NST  |d AIP  |d NST   |d AIP  |d NSD  |d NST  |d NSD  |d NST  |d UtOrBLW 
042 |a lc  |a nsdp 
049 |a TXAE 
050 0 0 |a QD571  |b .I5788 
060 0 0 |a W1 IO119 
082 0 |a 541.3/724 
210 0 |a Ion-sel. electrode rev. 
222 0 |a Ion-selective electrode reviews 
245 0 0 |a Ion-selective electrode reviews. 
246 3 |a Ion selective electrode reviews 
264 1 |a Oxford ;  |a New York :  |b Pergamon,  |c 1979- 
300 |a 9 volumes :  |b illustrations ;  |c 25 cm. 
310 |a Semiannual 
336 |a text  |b txt  |2 rdacontent 
337 |a unmediated  |b n  |2 rdamedia 
338 |a volume  |b nc  |2 rdacarrier 
362 0 |a Vol. 1 (1979)-v. 9, no.2 (1987). 
650 0 |a Electrodes, Ion selective  |x Periodicals. 
785 0 0 |t Selective electrode reviews (OCoLC)16068694 
999 |a MARS 
999 f f |s 18d7e2d7-32f5-39b2-9419-1964ac1cab95  |i 8a2ad481-06a0-3f30-a534-c134d788144e  |t 0 
952 f f |a Texas A&M University  |b Rellis Campus  |c Joint Library Facility  |d Remote Storage  |e QD571 .I5788  |h Library of Congress classification  |i unmediated -- volume  |k v.7 -v.8  |l 1985-1986  |m A14819774956  |p ric  |s JLF  |t 0 
952 f f |a Texas A&M University  |b Rellis Campus  |c Joint Library Facility  |d Remote Storage  |e QD571 .I5788  |h Library of Congress classification  |i unmediated -- volume  |k v.2  |l 1980  |m A14811136497  |p ric  |s JLF  |t 0 
952 f f |a Texas A&M University  |b Rellis Campus  |c Joint Library Facility  |d Remote Storage  |e QD571 .I5788  |h Library of Congress classification  |i unmediated -- volume  |k v.1  |l 1979  |m A14813899009  |p ric  |s JLF  |t 0 
952 f f |a Texas A&M University  |b Rellis Campus  |c Joint Library Facility  |d Remote Storage  |e QD571 .I5788  |h Library of Congress classification  |i unmediated -- volume  |k v.5 -v.6  |l 1983-1984  |m A14813853134  |p ric  |s JLF  |t 0 
952 f f |a Texas A&M University  |b Rellis Campus  |c Joint Library Facility  |d Remote Storage  |e QD571 .I5788  |h Library of Congress classification  |i unmediated -- volume  |k v.9  |l 1987  |m A14811404523  |p ric  |s JLF  |t 0 
952 f f |a Texas A&M University  |b Rellis Campus  |c Joint Library Facility  |d Remote Storage  |e QD571 .I5788  |h Library of Congress classification  |i unmediated -- volume  |k v.3 -v.4  |l 1981-1982  |m A14821181402  |p ric  |s JLF  |t 0 
998 f f |a QD571 .I5788  |s v.1-9 (1979-1987)  |t 0  |l Remote Storage